[Event "XX чемпионат ПФО по шах"]
[Site "Набережные Челн�"]
[Date "2022.03.21"]
[Round "2.9"]
[White "Табермакова, Лейла."]
[Black "Шухман, Анна."]
[Result "0-1"]
[WhiteElo "1617"]
[BlackElo "2014"]
[PlyCount "96"]
[EventDate "2022.03.20"]

1. e4 e5 2. Nf3 Nc6 3. Bb5 a6 4. Ba4 Nf6 5. O-O b5 6. Bb3 Bc5 7. Nxe5 Nxe5 8.
d4 Bxd4 9. Qxd4 d6 10. c3 c5 11. Qd1 O-O 12. Re1 Re8 13. Bc2 Bb7 14. f3 d5 15.
f4 Ng6 16. e5 Qe7 17. Be3 Ne4 18. Nd2 Rad8 19. Nxe4 dxe4 20. Qe2 f6 21. Qf2
fxe5 22. f5 Nf4 23. Bxf4 exf4 24. Qxf4 e3 25. Re2 Rd5 26. a4 Re5 27. axb5 axb5
28. Ra7 Ra8 29. Rxa8+ Bxa8 30. h3 Bd5 31. Bd3 c4 32. Bc2 Bf7 33. Kh2 h6 34. f6
Qxf6 35. Qxf6 gxf6 36. g4 b4 37. Bf5 b3 38. Kg3 Rd5 39. Kf3 Rd1 40. Rxe3 Rh1
41. Ke4 Rh2 42. Kd4 Rd2+ 43. Kc5 Rxb2 44. Re7 Rh2 45. h4 Rxh4 46. Rb7 Rh3 47.
Kd4 Rh1 48. Rb8+ Kg7 0-1

[Event "XX чемпионат ПФО по шах"]
[Site "Набережные Челн�"]
[Date "2022.03.21"]
[Round "2.10"]
[White "Илo^шина, Ольга."]
[Black "Муллина, Альмира."]
[Result "1-0"]
[WhiteElo "2054"]
[BlackElo "1310"]
[PlyCount "93"]
[EventDate "2022.03.20"]

1. d4 Nf6 2. c4 g6 3. Nc3 Bg7 4. Nf3 d6 5. Bf4 O-O 6. e3 Nbd7 7. h3 b6 8. Be2
Bb7 9. O-O Ne4 10. Qc2 Nxc3 11. bxc3 e5 12. Bh2 Qe7 13. a4 a5 14. Nd2 exd4 15.
cxd4 Bxd4 16. exd4 Qxe2 17. Rae1 Qh5 18. d5 Rfe8 19. f4 f5 20. Nf3 Nc5 21. Ng5
Qh6 22. Bg3 Qg7 23. Bf2 Qd7 24. Ra1 Ne4 25. Bd4 h6 26. Nf3 Kh7 27. Ra3 Re7 28.
Ba1 Rae8 29. Qb2 Nc5 30. Qf6 Ne4 31. Qh4 Ba6 32. Re1 h5 33. Rc1 Bb7 34. Kh2 Rf7
35. Re1 Qd8 36. Ng5+ Nxg5 37. fxg5 Rxe1 38. Qxe1 f4 39. Rf3 Qe7 40. Qc3 Qf8 41.
Qd2 Ba6 42. Qc1 Rf5 43. Bf6 Qe8 44. Rxf4 Rxf4 45. Qxf4 Qxa4 46. Bd4 Qe8 47. Qf6
1-0

[Event "XX чемпионат ПФО по шах"]
[Site "Набережные Челн�"]
[Date "2022.03.21"]
[Round "2.12"]
[White "><еповецкая, Софья."]
[Black "Мифтахова, Азалия."]
[Result "1-0"]
[WhiteElo "1437"]
[BlackElo "1530"]
[PlyCount "101"]
[EventDate "2022.03.20"]

1. Nf3 d5 2. g3 Nf6 3. Bg2 c5 4. d4 Nc6 5. O-O e6 6. c4 Be7 7. Nc3 dxc4 8. dxc5
Qa5 9. Qa4 Qxa4 10. Nxa4 Bd7 11. Bf4 Na5 12. Nc3 Bxc5 13. Ne5 Rc8 14. Rac1 O-O
15. Ne4 Nxe4 16. Nxd7 Rfd8 17. Rcd1 Nxf2 18. Rxf2 Bxf2+ 19. Kxf2 Kh8 20. Rd2 f6
21. Ke1 Kg8 22. Bh3 Kf7 23. Be3 Nc6 24. Nc5 f5 25. Nxb7 Rxd2 26. Kxd2 Kf6 27.
Kc3 a6 28. Nd6 Rb8 29. Nxc4 Rc8 30. Nd6 Rb8 31. Bg2 Ne7 32. Bf4 e5 33. Be3 Ke6
34. Nc4 Nd5+ 35. Bxd5+ Kxd5 36. b3 Rc8 37. Kb4 Rf8 38. Bc5 Rb8+ 39. Bb6 f4 40.
gxf4 exf4 41. Ka5 Ra8 42. Bc7 Re8 43. Bxf4 Rxe2 44. a4 Re6 45. Bd6 g5 46. Kxa6
h5 47. Kb5 h4 48. a5 Rf6 49. a6 Rf3 50. a7 Rxb3+ 51. Ka4 1-0

[Event "XX чемпионат ПФО по шах"]
[Site "Набережные Челн�"]
[Date "2022.03.21"]
[Round "2.13"]
[White "o/oсупова, Адель."]
[Black "Саутина, Елизавета."]
[Result "0-1"]
[WhiteElo "1356"]
[BlackElo "1537"]
[PlyCount "77"]
[EventDate "2022.03.20"]

1. d4 d5 2. c4 e6 3. g3 Nf6 4. Bg2 dxc4 5. Nf3 Nc6 6. Qa4 Bb4+ 7. Bd2 Nd5 8.
Bxb4 Ndxb4 9. O-O Rb8 10. Nc3 O-O 11. a3 Nd5 12. Qxc4 Nce7 13. e4 Nf6 14. Rfd1
c6 15. Rac1 b5 16. Qe2 Qb6 17. e5 Nd7 18. Ne4 b4 19. Nfg5 Nf5 20. Qh5 h6 21.
Nf3 Ba6 22. g4 Ne7 23. g5 Nf5 24. gxh6 g6 25. Qg5 Qd8 26. Qxd8 Rfxd8 27. h7+
Kxh7 28. Nfg5+ Kg7 29. Rxc6 Be2 30. Rd2 bxa3 31. Nc3 axb2 32. Be4 Bb5 33. Nxb5
Rxb5 34. Bb1 Nxe5 35. Rc7 Rd7 36. Rxd7 Nxd7 37. Ne4 Nb6 38. Nc3 Rb3 39. Bc2 0-1

[Event "XX чемпионат ПФО по шах"]
[Site "Набережные Челн�"]
[Date "2022.03.21"]
[Round "2.14"]
[White "Иванова, Арина."]
[Black "Камалиева, Азалия."]
[Result "1-0"]
[WhiteElo "1574"]
[BlackElo "1357"]
[PlyCount "42"]
[EventDate "2022.03.20"]

1. e4 e5 2. Nf3 Nc6 3. Bb5 f5 4. d4 fxe4 5. Nxe5 Nxe5 6. dxe5 c6 7. Bc4 Qa5+ 8.
Nc3 Qxe5 9. Bxg8 Rxg8 10. O-O d5 11. Be3 Bd6 12. g3 Bf5 13. Rc1 Kd7 14. Ne2 Bg4
15. c4 Qh5 16. cxd5 cxd5 17. Qa4+ Ke7 18. Qb5 b6 19. Bf4 g5 20. Bxd6+ Kxd6 21.
Nd4 Rac8 1-0

[Event "XX чемпионат ПФО по шах"]
[Site "Набережные Челн�"]
[Date "2022.03.21"]
[Round "2.15"]
[White "Аминова, Зарина."]
[Black "Фефелова, Екатерина."]
[Result "1-0"]
[WhiteElo "1473"]
[BlackElo "1267"]
[PlyCount "45"]
[EventDate "2022.03.20"]

1. d4 d5 2. c4 e6 3. Nc3 c6 4. e3 Nf6 5. Nf3 Nbd7 6. Bd3 dxc4 7. Bxc4 b5 8. Bd3
a6 9. O-O Bb7 10. e4 c5 11. Bc2 b4 12. Ne2 Nxe4 13. Ba4 Be7 14. Ne5 Nef6 15.
dxc5 Bxc5 16. Bg5 Bc8 17. Nf4 h6 18. Nxe6 fxe6 19. Bxf6 Qxf6 20. Nxd7 Bxd7 21.
Qxd7+ Kf8 22. Qc6 Kf7 23. Qxc5 1-0

[Event "XX чемпионат ПФО по шах"]
[Site "Набережные Челн�"]
[Date "2022.03.21"]
[Round "2.16"]
[White "Каo^мова, Карина."]
[Black "Мокеева, Злата."]
[Result "0-1"]
[WhiteElo "1181"]
[BlackElo "1290"]
[PlyCount "36"]
[EventDate "2022.03.20"]

1. e4 c5 2. Nf3 d6 3. d4 cxd4 4. Nxd4 Nf6 5. Nc3 a6 6. Be2 e5 7. Nb3 Be7 8. O-O
O-O 9. Bg5 Be6 10. f4 exf4 11. Bxf4 Nc6 12. Nd4 Qb6 13. Be3 d5 14. exd5 Nxd5
15. Nxd5 Bxd5 16. Nf5 Bc5 17. Qxd5 Bxe3+ 18. Kh1 Rad8 0-1

[Event "XX чемпионат ПФО по шах"]
[Site "Набережные Челн�"]
[Date "2022.03.21"]
[Round "2.17"]
[White "Галиева, Алина."]
[Black "><екина, Анастасия."]
[Result "1-0"]
[WhiteElo "1312"]
[BlackElo "1558"]
[Annotator "У~~еник"]
[PlyCount "59"]
[EventDate "2022.03.20"]

{[%evp 0,46,27,-11,39,25,27,-2,17,11,14,-42,13,-6,30,-22,-22,-20,-24,-3,-18,
-39,-10,-36,-11,14,27,21,27,1,-9,0,26,51,38,-62,15,-55,22,-61,20,-60,37,40,41,
41,1,59,188]} 1. c4 c5 2. Nc3 Nc6 3. g3 g6 4. Bg2 Bg7 5. e3 e5 6. Nf3 Nf6 7. d3
d6 8. O-O O-O 9. a3 Be6 10. Rb1 d5 11. Ng5 d4 12. Nxe6 fxe6 13. Ne4 Qe7 14. Qa4
Nxe4 15. Bxe4 dxe3 16. Bxe3 Nd4 17. b4 Ne2+ 18. Kg2 Nc3 19. Qc2 Nxb1 20. Bxc5
Nxa3 21. Qb3 Qf7 22. Bxf8 Nxc4 23. Bxg7 Nd2 24. Qa2 Nxe4 25. Bxe5 Qf5 26. Bf4
Nf6 27. Re1 Nd5 28. Bh6 Nxb4 29. Qb2 Qd5+ 30. Kg1 1-0

[Event "XX чемпионат ПФО по шах"]
[Site "Набережные Челн�"]
[Date "2022.03.21"]
[Round "2.18"]
[White "Тазетдинова, Аделя."]
[Black "Кантер, Елизавета."]
[Result "1-0"]
[WhiteElo "1415"]
[BlackElo "1272"]
[PlyCount "91"]
[EventDate "2022.03.20"]

1. e4 e6 2. d4 d5 3. Nc3 Nf6 4. Bg5 Bb4 5. e5 h6 6. Bd2 Bxc3 7. bxc3 Ne4 8. Qg4
g6 9. Bd3 Nxd2 10. Kxd2 c5 11. Nf3 Nc6 12. h4 Qa5 13. Qf4 cxd4 14. Nxd4 Nxd4
15. Qxd4 Bd7 16. Rhb1 b6 17. a4 Qc5 18. a5 Qxd4 19. cxd4 Rb8 20. axb6 axb6 21.
Rxb6 Rxb6 22. Ra8+ Ke7 23. Rxh8 h5 24. Rh7 Ke8 25. Rh8+ Ke7 26. Ra8 Rb1 27. Ra7
Kd8 28. Ra3 Ke7 29. Rb3 Ra1 30. Ke3 Ra4 31. Rb7 Ra5 32. Rb6 Ba4 33. c3 Ra7 34.
Ra6 Rxa6 35. Bxa6 f6 36. Kf4 Bd1 37. Bd3 Kf7 38. exf6 Kxf6 39. f3 Bb3 40. g4
hxg4 41. fxg4 Ba4 42. g5+ Kf7 43. Ke5 Bd7 44. Kd6 Ba4 45. c4 Bb3 46. c5 1-0

[Event "XX чемпионат ПФО по шах"]
[Site "Набережные Челн�"]
[Date "2022.03.21"]
[Round "2.19"]
[White "o/oсупова, Жизель."]
[Black "Тестова, Ника."]
[Result "0-1"]
[WhiteElo "1367"]
[BlackElo "1674"]
[PlyCount "38"]
[EventDate "2022.03.20"]

1. d4 Nf6 2. c4 e6 3. g3 d5 4. Bg2 dxc4 5. Nf3 Bb4+ 6. Bd2 Be7 7. O-O O-O 8.
Qc2 b5 9. Ne5 Nd5 10. b3 cxb3 11. axb3 f6 12. Nd3 Qd7 13. Re1 c6 14. Nc3 Bb7
15. Ne4 Na6 16. Ndc5 Nxc5 17. Nxc5 Bxc5 18. Qxc5 a6 19. e4 Ne7 0-1

[Event "XX чемпионат ПФО по шах"]
[Site "Набережные Челн�"]
[Date "2022.03.21"]
[Round "2.20"]
[White "Нигматуллина, Дина."]
[Black "Гусейнова, Вусала."]
[Result "1-0"]
[WhiteElo "1395"]
[BlackElo "1154"]
[PlyCount "23"]
[EventDate "2022.03.20"]

1. d4 c5 2. d5 e5 3. e4 d6 4. h3 Be7 5. Nf3 Nf6 6. Nc3 a6 7. a4 b6 8. Be2 O-O
9. O-O Nbd7 10. Be3 Qc7 11. Nd2 Bb7 12. Nc4 1-0

[Event "XX чемпионат ПФО по шах"]
[Site "Набережные Челн�"]
[Date "2022.03.21"]
[Round "2.21"]
[White "Коротаева, Полина."]
[Black "Пузырева, Вероника."]
[Result "1/2-1/2"]
[WhiteElo "1196"]
[BlackElo "1497"]
[Annotator "У~~еник"]
[PlyCount "75"]
[EventDate "2022.03.20"]

{[%evp 0,38,27,22,55,33,64,32,10,2,55,60,67,-18,5,8,8,8,42,29,79,57,84,29,29,
18,33,-29,40,41,66,62,88,41,63,66,69,36,49,48,110]} 1. e4 c5 2. Nf3 e6 3. g3
Nc6 4. Bg2 d6 5. O-O Be7 6. c3 Nf6 7. Re1 O-O 8. d4 Nd7 9. Be3 Qc7 10. Nbd2 b5
11. b3 Bb7 12. Rc1 Rac8 13. c4 bxc4 14. Nxc4 cxd4 15. Nxd4 Nxd4 16. Bxd4 Qb8
17. Qd2 Rfe8 18. Rc2 d5 19. exd5 exd5 20. Ne3 Bb4 21. Rxc8 Bxc8 22. Bc3 Bxc3
23. Qxc3 Bb7 24. Nxd5 Ne5 25. f4 Ng4 26. h3 Bxd5 27. Bxd5 Qb6+ 28. Kh1 Ne3 29.
Qc6 Qd8 30. Qc5 h6 31. Rxe3 Rxe3 32. Qxe3 Qxd5+ 33. Kg1 Qa5 34. a4 Kf8 35. Kf2
Qc7 36. Qd2 Qc5+ 37. Ke2 g6 38. Qd8+ 1/2-1/2

[Event "XX чемпионат ПФО по шах"]
[Site "Набережные Челн�"]
[Date "2022.03.22"]
[Round "3.1"]
[White "Гольцева, Екатерина."]
[Black "Матвеева, Ольга."]
[Result "1/2-1/2"]
[WhiteElo "2327"]
[BlackElo "2171"]
[PlyCount "60"]
[EventDate "2022.03.20"]

1. d4 Nf6 2. c4 d6 3. Nc3 e5 4. Nf3 Nbd7 5. e4 Be7 6. Be2 O-O 7. O-O a5 8. Be3
c6 9. Qc2 Qc7 10. Rad1 Re8 11. h3 Nf8 12. Na4 Ne6 13. d5 cxd5 14. exd5 Nf8 15.
Bb6 Qb8 16. c5 N8d7 17. Bb5 Bd8 18. Bxd8 Rxd8 19. Bxd7 Bxd7 20. Nb6 Ra6 21.
Nxd7 Rxd7 22. cxd6 Qxd6 23. Qc8+ Rd8 24. Qf5 e4 25. Nd2 g6 26. Qg5 Qxd5 27.
Qxd5 Rxd5 28. Nxe4 Rxd1 29. Nxf6+ Rxf6 30. Rxd1 Rb6 1/2-1/2

[Event "XX чемпионат ПФО по шах"]
[Site "Набережные Челн�"]
[Date "2022.03.22"]
[Round "3.2"]
[White "Насырова, Екатерина."]
[Black "Носачева, Мария."]
[Result "1-0"]
[WhiteElo "2109"]
[BlackElo "2244"]
[Annotator "kniazóì,Igor"]
[PlyCount "150"]
[EventDate "2022.03.20"]

{[%evp 0,19,19,9,42,20,36,48,39,28,28,28,26,25,-3,9,7,-16,-35,-36,8,-15]} 1. d4
Nf6 2. Nf3 g6 3. Nc3 d5 4. Bf4 Bg7 5. e3 O-O 6. Nb5 Na6 7. h3 Ne4 8. Be2 c6 9.
Na3 c5 10. c3 c4 11. O-O Qa5 12. Nc2 b5 13. Nd2 Nd6 14. Bf3 Bb7 15. a4 Rab8 16.
b4 cxb3 17. Nxb3 Qxc3 18. axb5 Qxb3 19. bxa6 Bc6 20. Na3 Rfd8 21. Qxb3 Rxb3 22.
Rfc1 Rb6 23. Be2 f6 24. Ra2 e5 25. dxe5 fxe5 26. Bg5 Rc8 27. Rac2 Bd7 28. Rc7
Bf8 29. Rxc8 Bxc8 30. Bd8 Rb3 31. Nb1 d4 32. exd4 exd4 33. Bf3 Be6 34. Nd2 Rc3
35. Re1 Kf7 36. Bb6 Ra3 37. Bxa7 Rxa6 38. Bxd4 Nf5 39. Bc3 Bg7 40. Bxg7 Kxg7
41. Ne4 Bd5 42. Rd1 Ra5 43. Ng5 Bxf3 44. Nxf3 Ra7 45. g4 Ne7 46. Kg2 Ng8 47.
Rd4 Nf6 48. Kg3 Re7 49. Ra4 Ne4+ 50. Kg2 Nc3 51. Ra3 Nd5 52. Kg3 Nf6 53. Re3
Ra7 54. Nd4 Nd5 55. Re5 Ra3+ 56. f3 Nf6 57. Re7+ Kf8 58. Rb7 Ra6 59. Kf4 Kg8
60. h4 Ne8 61. Kg5 Nd6 62. Rd7 Nf7+ 63. Kf4 Rf6+ 64. Ke4 Ra6 65. f4 Nh6 66. g5
Nf7 67. Kd5 Rb6 68. Ra7 Rd6+ 69. Kc5 Rd8 70. Ne6 Re8 71. Kd5 Rb8 72. Rc7 Ra8
73. Nc5 Kg7 74. Ke6 Re8+ 75. Re7 Rf8 1-0

[Event "XX чемпионат ПФО по шах"]
[Site "Набережные Челн�"]
[Date "2022.03.22"]
[Round "3.3"]
[White "Шухман, Анна."]
[Black "Высотская, Анастасия."]
[Result "1-0"]
[WhiteElo "2014"]
[BlackElo "2210"]
[PlyCount "87"]
[EventDate "2022.03.20"]

1. e4 c6 2. d4 d5 3. e5 Bf5 4. g4 Be4 5. f3 Bg6 6. e6 Qd6 7. exf7+ Bxf7 8. f4
Nf6 9. g5 Nh5 10. Qg4 Na6 11. Be2 g6 12. Nf3 Be6 13. Qh4 Ng7 14. Qf2 Bf5 15. c3
Be4 16. O-O Ne6 17. Ne5 Bg7 18. Nd2 Bf5 19. Qg3 O-O 20. b4 Nac7 21. a4 a5 22.
bxa5 c5 23. Ba3 Qd8 24. Nb3 cxd4 25. cxd4 Ne8 26. Qg2 Be4 27. Qh3 Nxf4 28. Rxf4
Rxf4 29. Qe6+ Kh8 30. Rf1 Rxf1+ 31. Bxf1 Bxe5 32. Qxe5+ Ng7 33. Bxe7 Qd7 34.
Bf6 Kg8 35. h3 Re8 36. Nc5 Qf7 37. Qd6 Nh5 38. Bb5 Nxf6 39. gxf6 Rf8 40. Nd7
Rd8 41. Qe7 Re8 42. Qxf7+ Kxf7 43. Ne5+ Rxe5 44. dxe5 1-0

[Event "XX чемпионат ПФО по шах"]
[Site "Набережные Челн�"]
[Date "2022.03.22"]
[Round "3.4"]
[White "Якимова, Мария."]
[Black "Илюшина, Ольга."]
[Result "1-0"]
[WhiteElo "2198"]
[BlackElo "2054"]
[PlyCount "75"]
[EventDate "2022.03.20"]

1. d4 Nf6 2. c4 e6 3. g3 c5 4. d5 exd5 5. cxd5 d6 6. Nc3 g6 7. Bg2 Bg7 8. Nf3
O-O 9. O-O Re8 10. Bf4 a6 11. a4 Qc7 12. Re1 Nh5 13. Nd2 Nxf4 14. gxf4 Nd7 15.
Qb3 Bh6 16. e3 Rb8 17. Nc4 Nf6 18. a5 Qe7 19. Qb6 Rd8 20. b4 cxb4 21. Qxb4 Ne8
22. Ne4 Qh4 23. Ng3 Bh3 24. Rab1 Bg7 25. Nb6 h5 26. Rec1 Bxg2 27. Kxg2 f5 28.
Rc4 Qf6 29. h3 Qf7 30. Rbc1 Nf6 31. Rc7 Nxd5 32. Rxf7 Nxb4 33. Rcc7 Bh8 34. Rh7
h4 35. Ne2 d5 36. Nd4 Rd6 37. Nd7 Rd8 38. Nc5 1-0

[Event "XX чемпионат ПФО по шах"]
[Site "Набережные Челн�"]
[Date "2022.03.22"]
[Round "3.5"]
[White "Чеповецкая, Софья."]
[Black "Нур-Мухаметова, Алиса."]
[Result "0-1"]
[WhiteElo "1369"]
[BlackElo "2225"]
[PlyCount "94"]
[EventDate "2022.03.20"]

1. Nf3 Nf6 2. c4 g6 3. Nc3 d5 4. cxd5 Nxd5 5. e4 Nxc3 6. dxc3 Qxd1+ 7. Kxd1 f6
8. Be3 e5 9. Nd2 a5 10. a4 Nd7 11. Bc4 Bc5 12. Bxc5 Nxc5 13. Kc2 Ke7 14. f3 h5
15. h4 f5 16. Nb3 Nd7 17. Rhe1 Nb6 18. Bd3 f4 19. Rad1 Be6 20. Nc5 Rhb8 21.
Nxe6 Kxe6 22. b3 Rd8 23. Rd2 Rd6 24. Red1 Kf6 25. Bb5 Rxd2+ 26. Rxd2 Ke7 27. g3
fxg3 28. Rg2 c6 29. Bd3 Rg8 30. Rxg3 Kf6 31. Rg5 Nd7 32. Kd2 Nf8 33. Bc4 Rg7
34. Ke3 Nh7 35. Rg2 g5 36. hxg5+ Nxg5 37. Rh2 Kg6 38. f4 exf4+ 39. Kxf4 Re7 40.
e5 Re8 41. Bd3+ Kh6 42. Be2 Ne6+ 43. Kf5 Ng7+ 44. Kf6 Re6+ 45. Kf7 Rxe5 46. Rg2
Rf5+ 47. Kg8 Ne6 0-1

[Event "XX чемпионат ПФО по шах"]
[Site "Набережные Челн�"]
[Date "2022.03.22"]
[Round "3.6"]
[White "Шафигуллина, Зарина."]
[Black "Кузнецова, Полина."]
[Result "1/2-1/2"]
[WhiteElo "2204"]
[BlackElo "1835"]
[Annotator "kniazóì,Igor"]
[PlyCount "62"]
[EventDate "2022.03.20"]

{[%evp 0,30,20,26,35,25,38,-7,15,-29,-15,3,-1,1,9,-28,-17,-56,-34,-87,-21,-28,
-10,-10,-2,-10,-17,-10,11,-26,-25,-35,-14]} 1. d4 d5 2. Nf3 Nf6 3. g3 c5 4. Bg2
cxd4 5. O-O e6 6. Nxd4 e5 7. Nf3 Nc6 8. c4 d4 9. e3 Be7 10. exd4 exd4 11. Bf4
Be6 12. Ne5 Rc8 13. b3 O-O 14. Nxc6 bxc6 15. Be5 Bc5 16. h3 Re8 17. Qd2 Bf5 18.
Re1 Nd7 19. Bf4 Qb6 20. Rd1 Re7 21. g4 Bg6 22. Bf3 Rce8 23. Kg2 Be4 24. Bxe4
Rxe4 25. Bg3 Re2 26. Qd3 R8e3 27. Qf5 Re6 28. Qf3 R6e3 29. Qf5 Re6 30. Qf3 R6e3
31. Qf5 Re6 1/2-1/2

[Event "XX чемпионат ПФО по шах"]
[Site "Набережные Челн�"]
[Date "2022.03.22"]
[Round "3.7"]
[White "Иванаева, Алина."]
[Black "Нагаева, Алия."]
[Result "1/2-1/2"]
[WhiteElo "1871"]
[BlackElo "1680"]
[Annotator "kniazóì,Igor"]
[PlyCount "58"]
[EventDate "2022.03.20"]

{[%evp 0,24,26,30,38,0,51,32,38,45,45,15,23,8,31,36,73,37,31,19,25,10,2,-20,-6,
-59,-53]} 1. d4 Nf6 2. c4 g6 3. Nc3 Bg7 4. Nf3 d6 5. Bf4 O-O 6. e3 Nfd7 7. Be2
h6 8. h3 e5 9. Bh2 Nc6 10. d5 Ne7 11. Qd2 f5 12. e4 Nc5 13. Bd3 fxe4 14. Nxe4
Nxe4 15. Bxe4 Bf5 16. Qe2 Bxe4 17. Qxe4 c5 18. O-O Qe8 19. a4 a5 20. b3 Qf7 21.
Rae1 Rae8 22. Qd3 g5 23. Nd2 Nf5 24. Ne4 Qg6 25. f3 Kh7 26. Ng3 Nxg3 27. Qxg6+
Kxg6 28. Bxg3 h5 29. Re4 Rf6 1/2-1/2

[Event "XX чемпионат ПФО по шах"]
[Site "Набережные Челн�"]
[Date "2022.03.22"]
[Round "3.8"]
[White "Тазетдинова, Аделя."]
[Black "Кулькова, Дина."]
[Result "1/2-1/2"]
[WhiteElo "1490"]
[BlackElo "1501"]
[PlyCount "84"]
[EventDate "2022.03.20"]

1. e4 e5 2. Nf3 Nc6 3. d4 exd4 4. Nxd4 Bc5 5. Nb3 Bb6 6. Nc3 Qf6 7. Qe2 Nge7 8.
Be3 O-O 9. O-O-O d6 10. h3 Be6 11. g4 Bxb3 12. axb3 Nd4 13. Qd3 Nec6 14. Nd5
Qf3 15. Rg1 Ne5 16. Qd2 Qxe4 17. Nc3 Qg6 18. Bxd4 Nf3 19. Qf4 Nxg1 20. Bg2 Bxd4
21. Qxd4 Nxh3 22. Be4 Qg5+ 23. Kb1 Nf4 24. Rh1 h6 25. Bf5 Ne6 26. Qd5 c6 27.
Qxd6 Rad8 28. Qg3 Nd4 29. Bd3 f5 30. Bc4+ Kh7 31. Bd3 Kh8 32. f3 fxg4 33. fxg4
Rf3 34. Qc7 Rdf8 35. Ne4 Qxg4 36. Rxh6+ gxh6 37. Ng5 Rf1+ 38. Ka2 R1f7 39.
Nxf7+ Rxf7 40. Qxf7 Qg7 41. Qe8+ Qg8 42. Qe5+ Qg7 1/2-1/2

[Event "XX чемпионат ПФО по шах"]
[Site "Набережные Челн�"]
[Date "2022.03.22"]
[Round "3.9"]
[White "Саутина, Елизавета."]
[Black "Нигматуллина, Дина."]
[Result "1-0"]
[WhiteElo "1629"]
[BlackElo "1501"]
[Annotator "kniazóì,Igor"]
[PlyCount "30"]
[EventDate "2022.03.20"]

{[%evp 0,30,19,31,14,-14,43,43,32,38,27,29,25,4,8,-13,1,6,9,23,10,-2,29,12,57,
62,101,101,123,98,123,78,115]} 1. d4 Nf6 2. c4 g6 3. Nc3 Bg7 4. Nf3 O-O 5. Bg5
d6 6. h3 h6 7. Bh4 Nc6 8. e3 e6 9. Be2 Ne7 10. Bg3 a6 11. O-O Nf5 12. Bh2 c5
13. dxc5 dxc5 14. Qc2 Nd7 15. Rfe1 h5 1-0

[Event "XX чемпионат ПФО по шах"]
[Site "Набережные Челн�"]
[Date "2022.03.22"]
[Round "3.10"]
[White "Мальцева, Елизавета."]
[Black "Сироткина, Елизавета."]
[Result "1/2-1/2"]
[WhiteElo "1547"]
[BlackElo "1269"]
[Annotator "kniazóì,Igor"]
[PlyCount "77"]
[EventDate "2022.03.20"]

{[%evp 0,41,14,14,65,38,32,27,38,37,44,54,76,77,76,58,76,24,34,27,39,5,79,40,
74,22,70,36,29,33,62,33,3,20,20,20,18,21,34,26,29,29,31,29]} 1. Nf3 g6 2. c4
Bg7 3. d4 d6 4. Nc3 Nd7 5. e4 c6 6. Be2 e5 7. O-O Ngf6 8. Re1 O-O 9. Rb1 Re8
10. Bf1 Nf8 11. h3 Qc7 12. b4 b6 13. b5 Ne6 14. bxc6 exd4 15. Nb5 Qxc6 16.
Nfxd4 Nxd4 17. Nxd4 Qd7 18. f3 Ba6 19. Ba3 Rac8 20. Nb5 Bxb5 21. Rxb5 Rc6 22.
Qd2 Rd8 23. Rd1 a6 24. Rb3 Qe6 25. Qf2 Nd7 26. Kh1 Bf6 27. Bc1 Rb8 28. Be3 Nc5
29. Rbb1 Na4 30. Bd4 Nc3 31. Bxc3 Bxc3 32. Rd5 Rc5 33. Rbd1 Rxd5 34. Rxd5 Bb4
35. Qb2 Bc5 36. a4 Re8 37. Bd3 Qe7 38. Qe2 Qf6 39. Bc2 1/2-1/2

[Event "XX чемпионат ПФО по шах"]
[Site "Набережные Челн�"]
[Date "2022.03.22"]
[Round "3.11"]
[White "Тестова, Ника."]
[Black "Стакина, Мелисса."]
[Result "0-1"]
[WhiteElo "1674"]
[BlackElo "1526"]
[PlyCount "45"]
[EventDate "2022.03.20"]

1. e4 c5 2. Nf3 Nc6 3. Bb5 d6 4. O-O Bd7 5. Re1 Nf6 6. c3 a6 7. Bf1 Bg4 8. d3
e5 9. h3 Bh5 10. Nbd2 Be7 11. g4 Bg6 12. Nh4 O-O 13. Nf5 d5 14. g5 Nh5 15.
Nxe7+ Nxe7 16. Nb3 Qd6 17. Be2 Nf4 18. Bxf4 exf4 19. Bf3 dxe4 20. Bxe4 Bxe4 21.
Rxe4 Ng6 22. Qe2 Qd5 23. Qg4 0-1

[Event "XX чемпионат ПФО по шах"]
[Site "Набережные Челн�"]
[Date "2022.03.22"]
[Round "3.12"]
[White "Соснина, Надежда."]
[Black "Аминова, Зарина."]
[Result "0-1"]
[WhiteElo "1623"]
[BlackElo "1393"]
[PlyCount "67"]
[EventDate "2022.03.20"]

1. e4 c6 2. d4 d5 3. Nd2 dxe4 4. Nxe4 Bf5 5. Ng3 Bg6 6. N1e2 e6 7. h4 h6 8. Nf4
Bh7 9. Bc4 Nf6 10. Nfh5 Nxh5 11. Nxh5 Bxc2 12. Qxc2 Qa5+ 13. Bd2 Qxh5 14. f3
Qf5 15. Qb3 b5 16. a4 b4 17. Bxb4 Bxb4+ 18. Qxb4 Nd7 19. O-O Qf4 20. Rad1 Rb8
21. Qc3 O-O 22. Rfe1 Nf6 23. h5 Nxh5 24. Re4 Qd6 25. b3 Ng3 26. Re5 Rfd8 27. f4
Nf5 28. Re4 Qb4 29. Qh3 Nd6 30. Re3 Nxc4 31. bxc4 Qxc4 32. f5 exf5 33. Qg3 Qxa4
34. Rdd3 0-1

[Event "XX чемпионат ПФО по шах"]
[Site "Набережные Челн�"]
[Date "2022.03.22"]
[Round "3.13"]
[White "Муллина, Альмира."]
[Black "Мальцева, Александра."]
[Result "1-0"]
[WhiteElo "1304"]
[BlackElo "1498"]
[PlyCount "42"]
[EventDate "2022.03.20"]

1. e4 d5 2. exd5 Qxd5 3. Nc3 Qa5 4. d4 Nf6 5. Bd2 Nc6 6. Bb5 Kd8 7. h3 Bf5 8.
Nf3 Nb4 9. Ba4 e6 10. O-O Bd6 11. a3 Nbd5 12. Bb3 Nxc3 13. Bxc3 Qb6 14. d5 Ke7
15. dxe6 fxe6 16. Nd4 Rad8 17. Qe2 Ne4 18. Nxf5+ exf5 19. Qc4 Ng5 20. h4 Kd7
21. hxg5 Kc8 1-0

[Event "XX чемпионат ПФО по шах"]
[Site "Набережные Челн�"]
[Date "2022.03.22"]
[Round "3.15"]
[White "Мокеева, Злата."]
[Black "Табермакова, Лейла."]
[Result "1/2-1/2"]
[WhiteElo "1265"]
[BlackElo "1591"]
[PlyCount "61"]
[EventDate "2022.03.20"]

1. e4 c5 2. Nf3 Nc6 3. d4 cxd4 4. Nxd4 Nf6 5. Nc3 e5 6. Ndb5 d6 7. Nd5 Nxd5 8.
exd5 Ne7 9. c3 Nf5 10. a4 Be7 11. Bd3 O-O 12. O-O a6 13. Na3 Bg5 14. Nc4 Bxc1
15. Rxc1 Nh4 16. Qh5 g6 17. Qh6 Bf5 18. Bxf5 Nxf5 19. Qd2 b5 20. axb5 axb5 21.
Ne3 Qg5 22. f4 exf4 23. Nxf5 Qxf5 24. Rxf4 Qd7 25. Rf6 Ra2 26. Rcf1 Re8 27.
Rxf7 Qxf7 28. Rxf7 Kxf7 29. Qc2 Ra1+ 30. Kf2 Rae1 31. h3 1/2-1/2

[Event "XX чемпионат ПФО по шах"]
[Site "Набережные Челн�"]
[Date "2022.03.22"]
[Round "3.17"]
[White "Пузырева, Вероника."]
[Black "Галиева, Алина."]
[Result "1/2-1/2"]
[WhiteElo "1475"]
[BlackElo "1272"]
[PlyCount "71"]
[EventDate "2022.03.20"]

1. e4 c5 2. Nf3 Nc6 3. b3 Nf6 4. Nc3 d6 5. Bb2 e6 6. d3 g6 7. Be2 Bg7 8. Qd2
Bd7 9. Nb5 Bc8 10. e5 dxe5 11. Nxe5 Nd4 12. Bxd4 cxd4 13. Qb4 Bf8 14. Qa4 Bd7
15. Nxd7 Nxd7 16. Nxd4 a6 17. Nf3 Bg7 18. Rd1 O-O 19. O-O b5 20. Qf4 Qb8 21.
Qe3 Qb6 22. c4 Qxe3 23. fxe3 Bh6 24. e4 Be3+ 25. Kh1 e5 26. d4 exd4 27. Nxd4
Nc5 28. cxb5 axb5 29. Bxb5 Rxa2 30. Bc6 Bxd4 31. Rxd4 Nxb3 32. Rd7 Nc5 33. Re7
Re2 34. Bd5 h5 35. h3 Kg7 36. Rc1 1/2-1/2

[Event "XX чемпионат ПФО по шах"]
[Site "Набережные Челн�"]
[Date "2022.03.22"]
[Round "3.18"]
[White "Фефелова, Екатерина."]
[Black "Коротаева, Полина."]
[Result "1-0"]
[WhiteElo "1379"]
[BlackElo "1196"]
[PlyCount "83"]
[EventDate "2022.03.20"]

1. e4 c5 2. Nc3 Nc6 3. Bb5 g6 4. Bxc6 dxc6 5. d3 Bg7 6. f4 Nf6 7. Nf3 Be6 8.
O-O O-O 9. h3 Ne8 10. Be3 b6 11. Qe1 Nd6 12. Qh4 Bd7 13. g4 e6 14. Qg3 Nb5 15.
e5 Nc7 16. g5 Nd5 17. Rae1 Nxc3 18. bxc3 Qe7 19. Nd2 h6 20. Ne4 h5 21. Nf6+ Kh8
22. Rf3 c4 23. Qg2 c5 24. Rg3 Bb5 25. Qe2 Rfd8 26. d4 cxd4 27. Bxd4 Rac8 28.
Kh2 Bc6 29. Reg1 Bd5 30. f5 exf5 31. Rf1 Be6 32. Rf4 Bxf6 33. gxf6 Qf8 34. Rh4
Qh6 35. Be3 Qh7 36. Rg5 Kg8 37. Rhxh5 Qxh5 38. Rxh5 gxh5 39. Bh6 f4 40. Qg2+
Bg4 41. hxg4 h4 42. g5 1-0